[Event "Speed Chess Q2 Sw"]
[Site "Chess.com INT"]
[Date "2023.08.23"]
[Round "8"]
[White "Asylov, Miras"]
[Black "Mikhailuk, Slava"]
[Result "1-0"]
[WhiteElo "2243"]
[BlackElo "2420"]
[PlyCount "131"]
[EventDate "2023.08.23"]
[EventType "swiss (blitz)"]
[EventRounds "14"]
[EventCountry "USA"]
[SourceTitle "CBM 215 Extra"]
[Source "ChessBase"]
[SourceDate "2023.09.30"]
[SourceVersion "1"]
[SourceVersionDate "2023.09.30"]
[SourceQuality "1"]

1. Nf3 Nf6 2. g3 g6 3. Bg2 Bg7 4. 0-0 0-0 5. d3 d5 6. Nbd2 c5 7. e4 Nc6 8. Re1 dxe4 9. Nxe4 Nxe4 10. dxe4 Bg4 11. Qxd8 Rfxd8 12. h3 Bd7 13. c3 Na5 14. Bf1 b5 15. Be3 Rac8 16. a3 Nc4 17. Bc1 Bc6 18. a4 a6 19. axb5 axb5 20. Ra7 Rd7 21. Rxd7 Bxd7 22. Nd2 Nb6 23. Nb3 Na4 24. Kg2 Be6 25. Nd2 c4 26. Nf3 b4 27. Nd4 Bxd4 28. cxd4 Nxb2 29. Bxb2 c3 30. Bc1 Ba2 31. Bd3 b3 32. Re2 c2 33. Kf3 Rc3 34. Ke3 Bb1 35. Kd2 b2 36. Re1 bxc1Q+ 37. Rxc1 Ra3 38. Bxc2 Bxc2 39. Rxc2 Kg7 40. Ke2 Ra4 41. Kd3 Ra3+ 42. Rc3 Ra2 43. Ke3 Rb2 44. h4 h5 45. d5 Ra2 46. f3 Rb2 47. Rc7 Ra2 48. Rxe7 Ra3+ 49. Kf4 Rb3 50. d6 Rd3 51. e5 Kf8 52. Ke4 Ra3 53. Rc7 Ra4+ 54. Kd5 Ra3 55. Ke4 Ra4+ 56. Kd5 Ra3 57. Rc8+ Kg7 58. d7 Rd3+ 59. Kc6 Rxf3 60. d8Q Rc3+ 61. Kb5 Rxc8 62. Qxc8 g5 63. hxg5 Kg6 64. Qg8+ Kf5 65. Qxf7+ Kxe5 66. g6 1-0

[Event "Speed Chess Q2 Sw"]
[Site "Chess.com INT"]
[Date "2023.08.23"]
[Round "1"]
[White "Baskakov, Egor"]
[Black "Mikhailuk, Slava"]
[Result "1-0"]
[WhiteElo "2215"]
[BlackElo "2420"]
[PlyCount "109"]
[EventDate "2023.08.23"]
[EventType "swiss (blitz)"]
[EventRounds "14"]
[EventCountry "USA"]
[SourceTitle "CBM 215 Extra"]
[Source "ChessBase"]
[SourceDate "2023.09.30"]
[SourceVersion "1"]
[SourceVersionDate "2023.09.30"]
[SourceQuality "1"]

1. e4 c5 2. Nf3 Nc6 3. Nc3 d6 4. d4 cxd4 5. Nxd4 Nf6 6. g3 Qb6 7. Nb3 e6 8. Bg2 Be7 9. 0-0 a6 10. a4 0-0 11. a5 Qc7 12. Be3 Nd7 13. Re1 b6 14. axb6 Nxb6 15. Nd4 Bb7 16. Nxc6 Bxc6 17. Bxb6 Qxb6 18. Nd5 Bxd5 19. exd5 e5 20. Rb1 a5 21. b3 Qb4 22. Re4 Qb7 23. Rc4 Rfb8 24. Ra1 Bd8 25. Rc6 Qd7 26. Qd3 Bb6 27. Be4 g6 28. Bg2 Bc5 29. h4 Rb4 30. Qf3 f5 31. Qe2 e4 32. Kh2 a4 33. Rxa4 Raxa4 34. bxa4 Rxa4 35. Qb5 Ra7 36. Qb8+ Kg7 37. Rc8 Bxf2 38. Rg8+ Kf6 39. Qf8+ Ke5 40. Qh6 Kxd5 41. Qd2+ Bd4 42. c3 Ra4 43. cxd4 Rxd4 44. Qa2+ Ke5 45. Ra8 Rb4 46. Qa1+ Ke6 47. Qc3 Qb7 48. Re8+ Kd5 49. Qd2+ Kc5 50. Qc3+ Rc4 51. Qa5+ Kd4 52. Bf1 Rc2+ 53. Kh3 f4 54. Qa1+ Kd5 55. Qd1+ 1-0

[Event "Speed Chess Q2 Sw"]
[Site "Chess.com INT"]
[Date "2023.08.23"]
[Round "4"]
[White "Mikhailuk, Slava"]
[Black "Prohorov, Olexandr"]
[Result "0-1"]
[WhiteElo "2420"]
[BlackElo "2086"]
[PlyCount "60"]
[EventDate "2023.08.23"]
[EventType "swiss (blitz)"]
[EventRounds "14"]
[EventCountry "USA"]
[SourceTitle "CBM 215 Extra"]
[Source "ChessBase"]
[SourceDate "2023.09.30"]
[SourceVersion "1"]
[SourceVersionDate "2023.09.30"]
[SourceQuality "1"]

1. c4 g6 2. Nc3 Bg7 3. g3 Nf6 4. Bg2 0-0 5. Nf3 c5 6. 0-0 Nc6 7. d3 d5 8. cxd5 Nxd5 9. Nxd5 Qxd5 10. Be3 Qd6 11. Rc1 b6 12. Qd2 Bb7 13. Bh6 Rad8 14. Bxg7 Kxg7 15. Rc4 h5 16. Rfc1 e5 17. a3 Na5 18. R4c3 Nc6 19. Ng5 Qe7 20. b4 cxb4 21. Rxc6 Bxc6 22. Rxc6 bxa3 23. Ne4 Rc8 24. Qc3 a2 25. Rxc8 Rxc8 26. Qb2 Qe6 27. Ng5 Qe7 28. Nf3 Rc2 29. Qa1 Qc7 30. Bf1 Qc3 0-1

[Event "Speed Chess Q2 Sw"]
[Site "Chess.com INT"]
[Date "2023.08.23"]
[Round "2"]
[White "Mikhailuk, Slava"]
[Black "Rakhmanov, Alexander"]
[Result "0-1"]
[WhiteElo "2420"]
[BlackElo "2614"]
[PlyCount "40"]
[EventDate "2023.08.23"]
[EventType "swiss (blitz)"]
[EventRounds "14"]
[EventCountry "USA"]
[SourceTitle "CBM 215 Extra"]
[Source "ChessBase"]
[SourceDate "2023.09.30"]
[SourceVersion "1"]
[SourceVersionDate "2023.09.30"]
[SourceQuality "1"]

1. c4 e5 2. Nc3 Bb4 3. g3 Bxc3 4. dxc3 Nc6 5. Bg2 Nge7 6. e4 d6 7. Nf3 0-0 8. Nd2 f5 9. exf5 Bxf5 10. Nf1 Qd7 11. Ne3 Bh3 12. 0-0 Rf7 13. Nd5 Raf8 14. Be3 Bxg2 15. Kxg2 Nf5 16. Qd3 b6 17. f3 Nd8 18. Bd2 Ne6 19. Rae1 c6 20. Ne3 Nh4+ 0-1

[Event "Speed Chess Q2 Sw"]
[Site "Chess.com INT"]
[Date "2023.08.23"]
[Round "6"]
[White "Mikhailuk, Slava"]
[Black "Topalov, Aleksandar"]
[Result "1-0"]
[WhiteElo "2420"]
[BlackElo "2233"]
[PlyCount "41"]
[EventDate "2023.08.23"]
[EventType "swiss (blitz)"]
[EventRounds "14"]
[EventCountry "USA"]
[SourceTitle "CBM 215 Extra"]
[Source "ChessBase"]
[SourceDate "2023.09.30"]
[SourceVersion "1"]
[SourceVersionDate "2023.09.30"]
[SourceQuality "1"]

1. c4 e6 2. Nc3 f5 3. g3 Nf6 4. Bg2 d6 5. Nf3 Be7 6. 0-0 0-0 7. d4 Ne4 8. Nd2 Nxc3 9. bxc3 Bf6 10. e4 e5 11. exf5 exd4 12. Ne4 dxc3 13. Nxf6+ Qxf6 14. Be3 Nc6 15. g4 Bd7 16. c5 Ne5 17. f4 Nc6 18. Rc1 Rae8 19. Bf2 g6 20. Bd5+ Kh8 21. Bxc6 1-0

[Event "Speed Chess Q2 Sw"]
[Site "Chess.com INT"]
[Date "2023.08.23"]
[Round "3"]
[White "Srivatsan, Karthikeyan"]
[Black "Mikhailuk, Slava"]
[Result "1-0"]
[WhiteElo "1813"]
[BlackElo "2420"]
[PlyCount "97"]
[EventDate "2023.08.23"]
[EventType "swiss (blitz)"]
[EventRounds "14"]
[EventCountry "USA"]
[SourceTitle "CBM 215 Extra"]
[Source "ChessBase"]
[SourceDate "2023.09.30"]
[SourceVersion "1"]
[SourceVersionDate "2023.09.30"]
[SourceQuality "1"]

1. e4 c5 2. Nf3 Nc6 3. d4 cxd4 4. Nxd4 Nf6 5. Nc3 d6 6. Be3 Ng4 7. Bg5 Qb6 8. Nce2 Qxb2 9. h3 Nge5 10. Rb1 Qxa2 11. Nb5 Qa5+ 12. Bd2 Qd8 13. Ng3 e6 14. Be2 Be7 15. 0-0 0-0 16. f4 Ng6 17. Kh1 a6 18. Nc3 b5 19. f5 Nge5 20. Nh5 Kh8 21. Qe1 Rg8 22. Qf2 Bd7 23. Nd1 d5 24. exd5 exd5 25. Ne3 Bg5 26. f6 g6 27. Ng3 d4 28. Nc4 Bxf6 29. Nd6 Bg7 30. Qxf7 Bxh3 31. Qd5 Qd7 32. Kh2 Rad8 33. Nge4 Be6 34. Qc5 Ng4+ 35. Bxg4 Be5+ 36. Bf4 Bxf4+ 37. Rxf4 Bxg4 38. Rf7 Qe6 39. Kg3 Bf5 40. Rh1 Rg7 41. Rxg7 Kxg7 42. Rxh7+ Kxh7 43. Ng5+ Kh6 44. Nxe6 Bxe6 45. Qxc6 Bc4 46. Nxc4 bxc4 47. Qxc4 d3 48. cxd3 Kh5 49. Qh4# 1-0

[Event "Titled Tuesday intern op 01st Nov Late"]
[Site "Chess.com INT"]
[Date "2022.11.01"]
[Round "5"]
[White "Vlassov, Nikolai"]
[Black "Mikhailuk, Slava"]
[Result "1/2-1/2"]
[WhiteElo "2283"]
[BlackElo "2420"]
[PlyCount "83"]
[EventDate "2022.11.01"]
[EventType "swiss (blitz)"]
[EventRounds "11"]
[EventCountry "USA"]
[SourceTitle "EXT 2024"]
[Source "ChessBase"]
[SourceDate "2023.10.10"]
[SourceVersion "1"]
[SourceVersionDate "2023.10.10"]
[SourceQuality "1"]

1. e4 c5 2. c3 Nf6 3. e5 Nd5 4. d4 cxd4 5. c4 Nb6 6. Nf3 Nc6 7. Bf4 d5 8. exd6 exd6 9. Nxd4 Be7 10. Nc3 0-0 11. Be2 Bf6 12. Nxc6 bxc6 13. Qxd6 Qxd6 14. Bxd6 Re8 15. Kf1 Bf5 16. c5 Bxc3 17. bxc3 Nd5 18. Rc1 g5 19. g4 Bg6 20. h4 gxh4 21. Rxh4 Re4 22. Bf3 Ra4 23. Bxd5 cxd5 24. c6 Ra6 25. f4 Rxc6 26. Be5 Be4 27. f5 f6 28. Bd4 Ra6 29. Rh6 Rf8 30. Ra1 Kg7 31. Rxf6 Rfxf6 32. g5 Bxf5 33. gxf6+ Kf7 34. Re1 Re6 35. Be5 Be4 36. Bd4 Bd3+ 37. Kf2 Rxe1 38. Kxe1 Bc4 39. a3 a6 40. Kf2 Ke6 41. Kg3 Bd3 42. Kg4 1/2-1/2

[Event "Titled Tuesday intern op 18th Aug"]
[Site "Chess.com INT"]
[Date "2020.08.18"]
[Round "8"]
[White "Mikhailuk, Slava"]
[Black "Chan, Yi Ren Daniel"]
[Result "0-1"]
[WhiteElo "2420"]
[BlackElo "2316"]
[PlyCount "40"]
[EventDate "2020.08.18"]
[EventType "swiss (blitz)"]
[EventRounds "10"]
[EventCountry "USA"]
[SourceTitle "CBM 197 Extra"]
[Source "ChessBase"]
[SourceDate "2020.09.30"]
[SourceVersion "1"]
[SourceVersionDate "2020.09.30"]
[SourceQuality "1"]

1. c4 c6 2. d4 d5 3. cxd5 cxd5 4. Nc3 Nc6 5. Bf4 Nf6 6. Rc1 a6 7. e3 Bg4 8. f3 Bh5 9. Qb3 Ra7 10. Na4 e6 11. Nc5 Bxc5 12. Rxc5 0-0 13. Bg5 Bg6 14. Ne2 Na5 15. Qc3 b6 16. Rxa5 bxa5 17. Nf4 Rc7 18. Qd2 Qc8 19. Be2 Rc2 20. Qxa5 Rc1+ 0-1

[Event "USA tt"]
[Site "ICC INT"]
[Date "2012.11.05"]
[Round "10"]
[White "Amanov, Zhanibek"]
[Black "Mikhailuk, Slava"]
[Result "1-0"]
[WhiteElo "2373"]
[BlackElo "2424"]
[PlyCount "59"]
[EventDate "2012.09.04"]
[EventType "team-tourn"]
[EventRounds "10"]
[EventCountry "USA"]
[SourceTitle "EXT 2013"]
[Source "ChessBase"]
[SourceDate "2012.11.22"]
[SourceVersion "1"]
[SourceVersionDate "2012.11.22"]
[SourceQuality "1"]
[WhiteTeam "Los Angeles"]
[BlackTeam "Seattle"]
[WhiteTeamCountry "USA"]
[BlackTeamCountry "USA"]

1. e4 c5 2. Nf3 Nc6 3. d4 cxd4 4. Nxd4 Nf6 5. Nc3 Qb6 6. Nb3 e6 7. Bd3 a6 8. 0-0 Be7 9. a4 Qc7 10. f4 d6 11. Be3 b6 12. Qf3 0-0 13. g4 Re8 14. g5 Nd7 15. f5 Nde5 16. Qg3 Na5 17. Nd2 Bf8 18. f6 Bb7 19. Rf2 Nac4 20. Nxc4 Nxc4 21. Bxc4 Qxc4 22. Raf1 Bxe4 23. Rf4 d5 24. Nxe4 dxe4 25. g6 hxg6 26. fxg7 Bxg7 27. Rxf7 Qe2 28. Rxg7+ Kxg7 29. Qe5+ Kg8 30. Bd4 1-0

[Event "USA tt"]
[Site "ICC INT"]
[Date "2012.09.05"]
[Round "1"]
[White "Mikhailuk, Slava"]
[Black "Wang, Puchen"]
[Result "0-1"]
[WhiteElo "2424"]
[BlackElo "2430"]
[PlyCount "135"]
[EventDate "2012.09.04"]
[EventType "team-tourn"]
[EventRounds "10"]
[EventCountry "USA"]
[SourceTitle "CBM 150 Extra"]
[Source "ChessBase"]
[SourceDate "2012.10.19"]
[SourceVersion "1"]
[SourceVersionDate "2012.10.19"]
[SourceQuality "1"]
[WhiteTeam "Seattle"]
[BlackTeam "Dallas"]
[WhiteTeamCountry "USA"]
[BlackTeamCountry "USA"]

1. c4 Nf6 2. Nc3 d5 3. cxd5 Nxd5 4. g3 g6 5. Bg2 Nb6 6. d3 Bg7 7. Be3 Nc6 8. Qd2 Nd4 9. Nf3 Nxf3+ 10. Bxf3 c6 11. Rc1 h5 12. h4 Bf5 13. 0-0 0-0 14. Ne4 Nd5 15. Bh6 Bxe4 16. Bxe4 Nf6 17. Bxg7 Kxg7 18. Bf3 Qd6 19. Rc4 Rfd8 20. b4 Nd7 21. Bg2 Ne5 22. Qc3 Qf6 23. Rc5 Nd7 24. Qxf6+ Kxf6 25. Rc2 Nb6 26. Rb1 a6 27. Rb3 Rd6 28. Rc5 e5 29. a3 Rad8 30. f4 Nd7 31. fxe5+ Nxe5 32. Rb1 Nd7 33. Rf1+ Ke7 34. Rc4 f6 35. Rcf4 Ne5 36. Bh3 f5 37. Rc1 Kf6 38. Rb1 Nd7 39. Kf2 Nb6 40. Bg2 Ke5 41. Rc1 Kf6 42. Ra1 Rd4 43. Rc1 R4d6 44. Bf1 Nd5 45. Rfc4 Re8 46. Rc5 Ne3 47. Bh3 Rd4 48. Kf3 Rd6 49. Kf2 Rde6 50. Rb1 Rd6 51. a4 Nd5 52. b5 cxb5 53. axb5 b6 54. Rxd5 Rxd5 55. bxa6 Re6 56. Bg2 Ra5 57. Bb7 Ke7 58. Kf3 Ra3 59. Rc1 b5 60. Rc7+ Kd6 61. Rc2 b4 62. Kf4 b3 63. Rb2 Kc5 64. e3 Rb6 65. d4+ Kb4 66. d5 Kc3 67. Rxb3+ Kxb3 68. Ke5 0-1

[Event "USA tt"]
[Site "ICC INT"]
[Date "2011.10.17"]
[Round "8"]
[White "Amanov, Zhanibek"]
[Black "Mikhailuk, Slava"]
[Result "1-0"]
[WhiteElo "2391"]
[BlackElo "2424"]
[PlyCount "95"]
[EventDate "2011.08.29"]
[EventType "team-tourn"]
[EventRounds "10"]
[EventCountry "USA"]
[SourceTitle "CBM 144 Extra"]
[Source "ChessBase"]
[SourceDate "2011.10.28"]
[SourceVersion "1"]
[SourceVersionDate "2011.10.28"]
[SourceQuality "1"]
[WhiteTeam "Los Angeles"]
[BlackTeam "Seattle"]
[WhiteTeamCountry "USA"]
[BlackTeamCountry "USA"]

1. e4 c5 2. Nf3 Nc6 3. d4 cxd4 4. Nxd4 Nf6 5. Nc3 d6 6. Bc4 Qb6 7. Nb3 e6 8. 0-0 a6 9. Be3 Qc7 10. f4 Be7 11. Bd3 0-0 12. Qf3 b5 13. Qh3 e5 14. f5 Nb4 15. g4 d5 16. g5 d4 17. gxf6 Bxf6 18. a3 Nxd3 19. Nd5 Qd8 20. Bd2 Nf4 21. Rxf4 exf4 22. Ba5 Qe8 23. Nxf6+ gxf6 24. Re1 Kh8 25. Qh6 Rg8+ 26. Kf2 Qf8 27. Qxf6+ Qg7 28. Qxg7+ Rxg7 29. Bb6 Kg8 30. Bxd4 Rg4 31. Bf6 Bb7 32. Nc5 Bc6 33. Nd3 h5 34. h3 Rg7 35. Bxg7 Kxg7 36. Nxf4 Kf6 37. Nd3 Rg8 38. Kf3 h4 39. Kf4 Rg3 40. Re3 Rg2 41. c3 a5 42. Ne5 Bb7 43. b3 Rf2+ 44. Rf3 Ra2 45. c4 Rxa3 46. cxb5 Ra1 47. Nd7+ Ke7 48. Nc5 1-0

[Event "USA tt"]
[Site "ICC INT"]
[Date "2011.09.06"]
[Round "2"]
[White "Mikhailuk, Slava"]
[Black "Thompson, Nick"]
[Result "1/2-1/2"]
[WhiteElo "2424"]
[BlackElo "2086"]
[PlyCount "113"]
[EventDate "2011.08.29"]
[EventType "team-tourn"]
[EventRounds "10"]
[EventCountry "USA"]
[SourceTitle "CBM 144 Extra"]
[Source "ChessBase"]
[SourceDate "2011.10.28"]
[SourceVersion "1"]
[SourceVersionDate "2011.10.28"]
[SourceQuality "1"]
[WhiteTeam "Seattle"]
[BlackTeam "Arizona"]
[WhiteTeamCountry "USA"]
[BlackTeamCountry "USA"]

1. c4 e5 2. Nc3 Nf6 3. g3 d5 4. cxd5 Nxd5 5. Bg2 Nb6 6. Nf3 Nc6 7. 0-0 Be7 8. d3 0-0 9. Be3 Be6 10. Qc1 f5 11. Rd1 Nd5 12. Ng5 Bxg5 13. Bxg5 Qd7 14. Nxd5 Bxd5 15. e4 Nd4 16. Qc5 Ne6 17. Qxd5 Qxd5 18. exd5 Nxg5 19. Rac1 Rac8 20. Rc5 b6 21. Rc6 Rf6 22. Rc4 Rd6 23. h4 Nf7 24. g4 g6 25. Ra4 a5 26. Rc1 Rd7 27. gxf5 gxf5 28. f4 exf4 29. Rxf4 Nd6 30. Bh3 Rf8 31. Kf2 Re7 32. Rg1+ Kh8 33. Rg5 Re5 34. Bg2 Rg8 35. Rxg8+ Kxg8 36. Rf3 Kf7 37. Rg3 Re7 38. Re3 Rxe3 39. Kxe3 Kf6 40. a4 Ke5 41. d4+ Kf6 42. b3 Nc8 43. Kf4 Ne7 44. h5 h6 45. Bf3 Nc8 46. Be2 Ne7 47. Bc4 Nc8 48. Ba6 Ne7 49. Bb7 Ng8 50. Bc8 Ne7 51. Be6 c6 52. d6 Kxe6 53. dxe7 Kxe7 54. Kxf5 Kf7 55. Ke5 Ke7 56. Kf5 Kf7 57. Ke5 1/2-1/2

[Event "North American op 20th"]
[Site "Las Vegas"]
[Date "2010.12.28"]
[Round "5"]
[White "Gurczak, John"]
[Black "Mikhailuk, Slava"]
[Result "0-1"]
[WhiteElo "2120"]
[BlackElo "2431"]
[PlyCount "75"]
[EventDate "2010.12.26"]
[EventType "swiss"]
[EventRounds "7"]
[EventCountry "USA"]
[SourceTitle "CBM 140 Extra"]
[Source "ChessBase"]
[SourceDate "2011.03.01"]
[SourceVersion "1"]
[SourceVersionDate "2011.03.01"]
[SourceQuality "1"]

1. d4 Nf6 2. c4 g6 3. Nc3 d5 4. cxd5 Nxd5 5. e4 Nxc3 6. bxc3 Bg7 7. Bc4 c5 8. Ne2 0-0 9. 0-0 Qc7 10. Bd3 Rd8 11. Bf4 Qa5 12. Bc4 cxd4 13. cxd4 Nc6 14. Qb3 Bg4 15. Bxf7+ Kh8 16. f3 Nxd4 17. Nxd4 Bxd4+ 18. Kh1 Bd7 19. Rad1 Ba4 20. Qa3 Qb5 21. Rb1 Qd7 22. Bd5 Bc6 23. Rbd1 Bf6 24. Bb3 Qe8 25. Be6 a6 26. Qb4 Rxd1 27. Rxd1 Rd8 28. Rxd8 Qxd8 29. h3 g5 30. Bd2 Qd3 31. Be1 Bd4 32. Qd2 Qf1+ 33. Kh2 Qg1+ 34. Kg3 h5 35. f4 gxf4+ 36. Kh4 Be8 37. Kg5 f3 38. Kh4 0-1

[Event "USA tt"]
[Site "ICC INT"]
[Date "2010.10.11"]
[Round "8"]
[White "Mikhailuk, Slava"]
[Black "Sadorra, Julio Catalino"]
[Result "0-1"]
[WhiteElo "2431"]
[BlackElo "2463"]
[PlyCount "102"]
[EventDate "2010.08.23"]
[EventType "team"]
[EventRounds "10"]
[EventCountry "USA"]
[SourceTitle "CBM 138 Extra"]
[Source "ChessBase"]
[SourceDate "2010.10.29"]
[SourceVersion "1"]
[SourceVersionDate "2010.10.29"]
[SourceQuality "1"]

1. c4 Nf6 2. Nc3 g6 3. g3 Bg7 4. Bg2 0-0 5. e4 d6 6. Nge2 e5 7. 0-0 Nc6 8. d3 Be6 9. Nd5 Qd7 10. Bh6 Nxd5 11. Bxg7 Nc3 12. bxc3 Kxg7 13. Qd2 Na5 14. Qe3 f6 15. f4 Bg4 16. Rf2 a6 17. Raf1 Bxe2 18. Qxe2 b5 19. cxb5 axb5 20. h4 Nc6 21. g4 b4 22. g5 fxg5 23. f5 bxc3 24. Qg4 Kh8 25. Qxg5 gxf5 26. exf5 Rf7 27. Bxc6 Qxc6 28. Rg2 Qxg2+ 29. Kxg2 Rg7 30. f6 Rxg5+ 31. hxg5 Kg8 32. Kf3 Kf7 33. Ke3 c5 34. Ke4 Ke6 35. f7 d5+ 36. Ke3 d4+ 37. Ke4 c2 38. Rf6+ Ke7 39. Rf1 Rf8 40. Kxe5 Rxf7 41. Rc1 Rf2 42. Kd5 Rd2 43. a4 Kd7 44. Kxc5 Rxd3 45. a5 Kc7 46. a6 Rd2 47. Rh1 Rd1 48. Rxh7+ Kc8 49. Kd6 Kb8 50. a7+ Ka8 51. g6 c1Q 0-1

[Event "USA tt"]
[Site "ICC INT"]
[Date "2010.09.20"]
[Round "5"]
[White "Becerra Rivero, Julio"]
[Black "Mikhailuk, Slava"]
[Result "1-0"]
[WhiteElo "2557"]
[BlackElo "2431"]
[PlyCount "125"]
[EventDate "2010.08.23"]
[EventType "team"]
[EventRounds "10"]
[EventCountry "USA"]
[SourceTitle "CBM 138 Extra"]
[Source "ChessBase"]
[SourceDate "2010.10.29"]
[SourceVersion "1"]
[SourceVersionDate "2010.10.29"]
[SourceQuality "1"]

1. e4 c5 2. Nf3 Nc6 3. Bb5 g6 4. 0-0 Bg7 5. Re1 Nf6 6. e5 Nd5 7. Nc3 Nc7 8. Bxc6 dxc6 9. Ne4 Ne6 10. d3 0-0 11. Be3 b6 12. Qd2 Nd4 13. Nxd4 cxd4 14. Bh6 Bxe5 15. Bxf8 Qxf8 16. a4 Bc7 17. a5 bxa5 18. Rxa5 Bxa5 19. Qxa5 Bf5 20. Nc5 Qb8 21. h3 Qxb2 22. g4 Be6 23. Nxe6 fxe6 24. Rxe6 Rf8 25. Re2 Qc1+ 26. Kg2 Qf4 27. Qa2+ Qf7 28. Qe6 Qxe6 29. Rxe6 a5 30. Rxe7 Ra8 31. Re1 a4 32. Kf3 Kf7 33. Rb1 Ke6 34. Ke4 c5 35. Rb6+ Kd7 36. Kd5 Ra5 37. f4 Kc7 38. Rb1 a3 39. Ra1 a2 40. Kc4 Kc6 41. Kb3 Ra8 42. Rxa2 Rb8+ 43. Ka3 Rf8 44. Kb2 Kb6 45. Kb3 Rxf4 46. Kc4 h5 47. Rb2+ Kc6 48. Rb5 hxg4 49. Rxc5+ Kb6 50. h4 g3 51. Rg5 Rxh4 52. Rxg3 Rh2 53. Rxg6+ Kc7 54. Kb3 Rh4 55. Re6 Rh8 56. Re2 Kb6 57. Kc4 Rd8 58. Re6+ Kb7 59. Re5 Kb6 60. Rb5+ Kc6 61. Rc5+ Kb6 62. Rd5 Rc8+ 63. Kb3 1-0

[Event "USA tt"]
[Site "ICC INT"]
[Date "2010.08.30"]
[Round "2"]
[White "Mikhailuk, Slava"]
[Black "Barcenilla, Rogelio"]
[Result "0-1"]
[WhiteElo "2431"]
[BlackElo "2518"]
[PlyCount "132"]
[EventDate "2010.08.23"]
[EventType "team"]
[EventRounds "10"]
[EventCountry "USA"]
[SourceTitle "CBM 138 Extra"]
[Source "ChessBase"]
[SourceDate "2010.10.29"]
[SourceVersion "1"]
[SourceVersionDate "2010.10.29"]
[SourceQuality "1"]

1. c4 c5 2. Nc3 Nc6 3. g3 g6 4. Bg2 Bg7 5. e4 a6 6. Nge2 b5 7. d3 Rb8 8. 0-0 d6 9. cxb5 axb5 10. a3 e6 11. b4 Nge7 12. Rb1 Ba6 13. Be3 Nd4 14. Qd2 h5 15. h4 Qd7 16. f4 f5 17. e5 Nxe2+ 18. Nxe2 cxb4 19. exd6 Qxd6 20. axb4 Kf7 21. Bc5 Qd7 22. Qe3 Rhd8 23. Rbd1 Nd5 24. Qd2 Bb7 25. Rfe1 Ra8 26. Nd4 Bxd4+ 27. Bxd4 Nxb4 28. Bb2 Nc6 29. Qc3 Nd4 30. Qxd4 Qxd4+ 31. Bxd4 Bxg2 32. Be5 Bf3 33. Rc1 Ra7 34. Re3 Bd5 35. Rb1 Rb7 36. Rb4 Ra8 37. Re2 Ke7 38. Kf2 Ra3 39. Ke3 Bc4 40. Rd2 Rd7 41. Bd4 Rd5 42. Rd1 Kd7 43. Rb2 Kc6 44. Rbd2 Kb7 45. Ra1 Rxa1 46. Bxa1 Bb3 47. Rb2 Ba4 48. Rb4 Rc5 49. Bf6 Rc2 50. Rd4 Rg2 51. Kf3 Rh2 52. Ke3 Kc6 53. Be7 Bb3 54. Rd8 Rg2 55. Kf3 Rh2 56. Ke3 Bd1 57. Kd4 Bb3 58. Rc8+ Kd7 59. Rc3 Kxe7 60. Rxb3 Rg2 61. Rxb5 Rxg3 62. Rb7+ Kf6 63. Rb8 Rf3 64. Rf8+ Kg7 65. Rd8 Kf7 66. Rd7+ Kf6 0-1

[Event "Las Vegas National op"]
[Site "Las Vegas"]
[Date "2010.06.13"]
[Round "5"]
[White "Mikhailuk, Slava"]
[Black "Kruml, Joseph"]
[Result "1-0"]
[WhiteElo "2436"]
[BlackElo "2151"]
[PlyCount "91"]
[EventDate "2010.06.11"]
[EventType "swiss"]
[EventRounds "6"]
[EventCountry "USA"]
[SourceTitle "CBM 136 Extra"]
[Source "ChessBase"]
[SourceDate "2010.07.02"]
[SourceVersion "2"]
[SourceVersionDate "2010.07.15"]
[SourceQuality "1"]

1. Nf3 d5 2. g3 Nf6 3. Bg2 e6 4. 0-0 Be7 5. d4 0-0 6. c4 c6 7. b3 b6 8. Ba3 a5 9. Bxe7 Qxe7 10. Nbd2 Bb7 11. Ne5 c5 12. cxd5 exd5 13. Ndf3 Na6 14. Rc1 Rac8 15. e3 Nb4 16. a3 Na6 17. Bh3 Rcd8 18. Nh4 g6 19. f4 Ne4 20. Bg2 Kg7 21. f5 Qg5 22. Rf4 f6 23. Nef3 Qh6 24. fxg6 hxg6 25. Nd2 Nd6 26. Nf1 g5 27. Nf5+ Nxf5 28. Rxf5 Qg6 29. g4 Rfe8 30. Qf3 Bc8 31. Rxd5 Bb7 32. e4 Bxd5 33. exd5 cxd4 34. Ng3 Rc8 35. Nf5+ Qxf5 36. Qxf5 Rxc1+ 37. Kf2 Re3 38. Be4 Rce1 39. Qg6+ Kf8 40. Qxf6+ Kg8 41. Qxg5+ Kf8 42. Qh6+ Ke8 43. Bg6+ Kd8 44. Bd3 Nc7 45. Qxb6 Rd1 46. d6 1-0

[Event "USA tt"]
[Site "ICC INT"]
[Date "2009.09.21"]
[Round "4"]
[White "Mikhailuk, Slava"]
[Black "Ludwig, Daniel"]
[Result "1-0"]
[WhiteElo "2436"]
[BlackElo "2461"]
[PlyCount "85"]
[EventDate "2009.08.31"]
[EventType "team (rapid)"]
[EventRounds "10"]
[EventCountry "USA"]
[SourceTitle "CBM 132 Extra"]
[Source "ChessBase"]
[SourceDate "2009.11.03"]
[SourceVersion "1"]
[SourceVersionDate "2009.11.03"]
[SourceQuality "1"]

1. c4 Nf6 2. g3 c6 3. Nf3 d5 4. Qc2 Bg4 5. Ne5 Bh5 6. Bg2 e6 7. d4 Nbd7 8. 0-0 Bd6 9. f4 0-0 10. c5 Be7 11. Nc3 Qc7 12. Be3 Ng4 13. Nxg4 Bxg4 14. Bf2 Bf5 15. e4 dxe4 16. Nxe4 Nf6 17. Nxf6+ Bxf6 18. Qe2 Rfd8 19. Rad1 Bg6 20. b4 Rd7 21. Rd2 Rad8 22. Rfd1 b5 23. Qf3 Rd5 24. Qe3 Qd7 25. g4 a5 26. bxa5 Ra8 27. Qb3 h5 28. Bxd5 exd5 29. f5 Bh7 30. h3 hxg4 31. hxg4 Rxa5 32. Qh3 g6 33. Bh4 Ra3 34. Qxa3 Bxh4 35. Rh2 Qe7 36. Qh3 g5 37. Qf3 Qc7 38. Rxh4 gxh4 39. Re1 f6 40. Re8+ Kg7 41. Qe3 Qg3+ 42. Qxg3 hxg3 43. Kg2 1-0

[Event "USA tt"]
[Site "ICC INT"]
[Date "2008.10.29"]
[Round "10"]
[White "Mikhailuk, Slava"]
[Black "Ginsburg, Mark"]
[Result "1-0"]
[WhiteElo "2436"]
[BlackElo "2373"]
[PlyCount "137"]
[EventDate "2008.10.22"]
[EventType "team"]
[EventRounds "10"]
[EventCountry "USA"]
[SourceTitle "EXT 2009"]
[Source "ChessBase"]
[SourceDate "2008.11.26"]
[SourceVersion "1"]
[SourceVersionDate "2008.11.26"]
[SourceQuality "1"]

1. c4 e6 2. Nf3 d5 3. d4 Nf6 4. g3 dxc4 5. Qa4+ Nbd7 6. Bg2 a6 7. Qxc4 b5 8. Qc2 Bb7 9. Bg5 c5 10. 0-0 Rc8 11. Qd2 h6 12. Bxf6 Nxf6 13. dxc5 Bxc5 14. Qxd8+ Kxd8 15. Nbd2 Ke7 16. Rac1 Bd5 17. Ne5 Bd4 18. Nd3 a5 19. Bxd5 Nxd5 20. Nb3 Bb6 21. Ne5 a4 22. Nd2 a3 23. bxa3 Nc3 24. Kg2 Rhd8 25. Nb3 Nxe2 26. Rc6 Bc7 27. Nf3 Bd6 28. Rb6 Nc3 29. Nfd4 Kf6 30. Nxb5 Nxb5 31. Rxb5 Bxa3 32. Ra5 Ra8 33. Rxa8 Rxa8 34. Rd1 Bb4 35. Rd4 Bc3 36. Rc4 Be5 37. a4 g5 38. Kf3 Ke7 39. Ke4 Bd6 40. Nd4 f5+ 41. Kd3 g4 42. Kc2 h5 43. Kb3 f4 44. Nb5 fxg3 45. hxg3 Rf8 46. Rc2 h4 47. Nxd6 Kxd6 48. gxh4 Rf3+ 49. Kb4 Rh3 50. Kb5 Rxh4 51. a5 Rh1 52. Rc4 Rf1 53. a6 Rxf2 54. a7 Rf8 55. Rxg4 Kd5 56. Rg7 e5 57. Rd7+ Ke4 58. Kb6 Ra8 59. Kb7 Rxa7+ 60. Kxa7 Kf3 61. Rf7+ Ke3 62. Kb6 Kd4 63. Kb5 e4 64. Kb4 Kd3 65. Rd7+ Kc2 66. Re7 Kd3 67. Kb3 e3 68. Rd7+ Ke2 69. Kc2 1-0